| 000 | 00477nam a22001817a 4500 | ||
|---|---|---|---|
| 999 |
_c7645 _d7645 |
||
| 003 | OSt | ||
| 005 | 20220122105632.0 | ||
| 008 | 220122b ||||| |||| 00| 0 eng d | ||
| 020 | _a9780415748599 | ||
| 040 | _cDDC | ||
| 082 | _a362.183 MEM 2007 | ||
| 100 |
_aMartha,Chen _915631 |
||
| 245 | _aMembership-Based Organizations of the Poor. | ||
| 260 |
_aLondon: _bRoutledge; _c2007, |
||
| 300 |
_axviii,376p.: _bill; _c25cm. |
||
| 504 | _aIncludes References. | ||
| 942 |
_2ddc _cBOOK |
||